| 000 | 00571nam a2200241 a 4500 | ||
|---|---|---|---|
| 001 | nice12345678 | ||
| 003 | IN_TiNIC | ||
| 005 | 20260116011654.0 | ||
| 008 | 050524s1964 lona grp 000 0 eng | ||
| 020 |
_a _c0 |
||
| 082 | 0 | 0 |
_a266.0091 _bKUH |
| 100 | _aKuhn, Isobel | ||
| 245 | _aNests Above the Abyss. | ||
| 260 |
_aLondon _bChina Inland Mission _c1964 |
||
| 300 | _a224p | ||
| 500 | _aincludes index and biblioraphy | ||
| 505 | 2 | _abibliography | |
| 650 | _aMissions-China | ||
| 700 | 1 | _aKuhn, Isobel | |
| 902 | _bSRS | ||
| 942 | _cBK | ||
| 999 |
_c3299 _d3299 |
||